000 01824nam0a2200349 i 4500
001 RU\NLR\bibl\2039848
005 20260406124301.0
010 _a9785934394388
_9250
021 _aRU
_b2013-36151
_92476
035 _a(NLR Aleph) 002027168
090 _a4532742
_c4532742
100 _a20131026d2013 u y0rusy50 ca
101 0 _arus
_aeng
_apol
102 _aRU
105 _aa||||||||||||
200 1 _aВацлав Леонович Кретович - исследователь, учитель, гуманист
_e[сборник]
_fИн-т биохимии им. А.Н. Баха, Рос. акад. наук
_g[сост.: А.Ф. Топунов и др.
_gотв. ред.: чл.-корр. РАН В.О. Попов]
210 _aМосква
_cР.Валент
_d2013
215 _a267 с., XXXII л. ил., цв. ил., портр.
_d22
300 _aЧасть текста на англ., пол. яз.
320 _aБиблиогр.: с. 216-222 (119 назв.) и в подстроч. примеч.
320 _aТруды В.Л. Кретовича: с. 228-251
600 1 _aКретович
_bВ.Л.
_f1907 - 1993
_gВацлав Леонович
_jВоспоминания, записки и т.п.
_91383438
_3RU\NLR\AUTH\66580852
686 1 _aЕ072д(2)Кретович
702 1 _aТопунов
_bА. Ф.
_gАлексей Федорович
_4220
702 1 _4340
_8rus
_7ca
_aПопов
_bВ. О.
_cд-р хим. наук
_gВладимир Олегович
_3RU\NLR\AUTH\7733040
_916048
702 1 _aКретович
_bВ. Л.
_f1907-1993
_gВацлав Леонович
_4570
712 0 2 _4570
_aИнститут биохимии им. А. Н. Баха
_cМосква
_3RU\NLR\AUTH\8817142
_9307523
801 0 _aRU
_bNLR
_c20130605
_gRCR
801 1 _aRU
_bNLR
_c20130605
942 _cBOOK
980 _aNBR